Streamer by Images - Statistics

General Stats
  • This quiz has been taken 249 times
  • The average score is 11 of 16
Answer Stats
Picture Hint Answer % Correct
IShowSpeed
97%
Ninja
96%
Kai Cenat
89%
Pokimane
86%
xQc
81%
Adin Ross
76%
He's too heavy so he fell off CaseOh
76%
Dr Disrespect
75%
NickEh30
69%
TommyInnit
67%
Ludwig
63%
Tfue
63%
Penguinz0
57%
Myth
50%
Shroud
35%
TheGrefg
5%
No matching quizzes found
Score Distribution
Percent of People with Each Score
Percentile by Number Answered
Your Score History
You have not taken this quiz